Loading...
| Philosophy | 0 | 9 | 2 | 0 | 80 | 59 | 100.44 | 1 | 3 |
| Other Academic | 0 | 4 | 0 | 1 | 40 | 82 | 120.50 | 1 | 1 |
| Fine Arts - Other Fine Arts | 0 | 3 | 1 | 1 | 25 | 135 | 142.00 | 0 | 0 |
| Social Science | 0 | 3 | 1 | 0 | 25 | 64 | 90.67 | 1 | 1 |
| Current Events | 0 | 2 | 0 | 0 | 20 | 70 | 87.00 | 0 | 1 |
| History - World History | 0 | 3 | 2 | 2 | 20 | 108 | 126.67 | 0 | 0 |
| History - American History | 0 | 2 | 0 | 0 | 20 | 106 | 114.50 | 0 | 0 |
| Literature - World Literature | 0 | 2 | 0 | 0 | 20 | 113 | 133.50 | 0 | 0 |
| History - European History | 0 | 2 | 1 | 0 | 15 | 68 | 106.50 | 0 | 0 |
| Painting & Sculpture | 0 | 1 | 0 | 1 | 10 | 148 | 148.00 | 0 | 0 |
| Science - Other Science | 0 | 1 | 0 | 0 | 10 | 119 | 119.00 | 0 | 0 |
| Fine Arts - Classical Music | 0 | 1 | 0 | 1 | 10 | 132 | 132.00 | 0 | 0 |
| Literature - European Literature | 0 | 1 | 1 | 0 | 5 | 110 | 110.00 | 0 | 0 |
| Any History | 0 | 1 | 1 | 1 | 5 | 145 | 145.00 | 0 | 0 |
| Religion | 0 | 0 | 0 | 0 | 0 | 0.00 | 0 | 0 | |
| Geography | 0 | 1 | 2 | 0 | 0 | 117 | 117.00 | 0 | 0 |
| Mythology | 0 | 0 | 1 | 0 | -5 | 0.00 | 0 | 0 | |
| Literature - American Literature | 0 | 0 | 1 | 0 | -5 | 0.00 | 0 | 0 |